Rimbaud : Les cahiers de Douai - Statistiques

Statistiques générales
  • Ce quiz a été pris 1 689 fois
  • Le résultat moyen est 12 sur 22
Statistiques - réponses
Hint Réponse % Correct
22 Ma Bohème
84%
17 Le dormeur du val
82%
8 Vénus anadyomène
72%
3 Le Forgeron
69%
14 Le Mal
69%
12 Roman
68%
1 Première soirée
63%
2 Sensations
62%
5 Ophélie
58%
10 A la musique
55%
11 Les Effarés
54%
9 Les réparties de Nina
54%
4 Soleil et chair
53%
21 Le buffet
52%
6 Le bal des pendus
46%
7 Le châtiment de Tartuffe
43%
20 L'éclatante victoire de Sarrebruck
43%
16 Rêvé pour l'hiver
39%
19 La Maline
38%
15 Les rages de César
38%
18 Au cabaret vert, cinq heures du soir
15%
13 Mort de quatre-vingt-douze et de quatre-vingt-treize
5%
Aucun quiz correspondant
Distribution des résultats
% des personnes avec chaque résultat
Percentile par nombre de réponses
Votre historique - résultats
Vous n’avez pas pris ce quiz